| 000 | 01797nam a2200241Ia 4500 | ||
|---|---|---|---|
| 008 | 260220t1972||||xx |||||||||||||| ||spa|| | ||
| 040 |
_aPY-SlUNAC _bspa _erda |
||
| 041 | _aspa | ||
| 082 |
_a301.243 _bR534e |
||
| 100 |
_aRechta, Radovan _eAutor |
||
| 245 | 0 |
_aLa civilización en la encrucijada / _cpor Radovan Rechta [Autor] |
|
| 264 |
_aMadrid : _bArtiach, _c℗1972. |
||
| 300 | _a1 volumen | ||
| 520 | _aEn "La civilización en la encrucijada", Radovan Rechta analiza las crisis culturales, sociales y políticas que enfrentan las sociedades contemporáneas, destacando la interconexión entre diferentes civilizaciones y su impacto en la identidad colectiva. A través de un enfoque multidisciplinario, el autor examina cómo las tradiciones, la modernidad y los conflictos ideológicos han moldeado el panorama actual, proponiendo que el diálogo intercultural es esencial para la supervivencia de las civilizaciones. Rechta argumenta que la globalización, aunque presenta oportunidades de integración y cooperación, también conlleva riesgos de deshumanización y homogenización cultural, lo que puede llevar a una pérdida de valores fundamentales. Mediante un análisis crítico de eventos históricos y tendencias contemporáneas, el libro invita a reflexionar sobre la necesidad de encontrar un equilibrio entre el respeto por la diversidad cultural y la búsqueda de un futuro común. Así, Rechta proporciona una perspectiva valiosa sobre los desafíos que enfrenta la civilización en un mundo cada vez más interdependiente. | ||
| 653 | _aCivilización | ||
| 653 | _aCultura | ||
| 653 | _aHistoria | ||
| 942 |
_b2026/02/17 _cBK |
||
| 999 |
_c6912 _d6912 |
||